00165nam a2200073Ia 4500008004100000100001300041245001900054260001800073170817s9999 xx 000 0 und d aSarada.M 0aSpoken English bA. P. H. PUB.